000049968 001__ 49968
000049968 005__ 20230317220958.0
000049968 0247_ $$2doi$$a10.1016/0029-554X(81)90469-9
000049968 0247_ $$2ISSN$$a1872-9606
000049968 0247_ $$2ISSN$$a0029-554x
000049968 0247_ $$2ISSN$$a0167-5087
000049968 0247_ $$2WOS$$aWOS:A1981MZ27200006
000049968 037__ $$aGSI-2013-01595
000049968 041__ $$aEnglish
000049968 082__ $$a530
000049968 1001_ $$0P:(DE-HGF)0$$aThuma, B.$$b0$$eCorresponding author
000049968 245__ $$aCalculation of a dipole magnet for the velocity filter ship and computer simulation of fusion experiments
000049968 260__ $$aAmsterdam$$bElsevier$$c1981
000049968 3367_ $$0PUB:(DE-HGF)16$$2PUB:(DE-HGF)$$aJournal Article$$bjournal$$mjournal$$s1365439851_1975
000049968 3367_ $$2DRIVER$$aarticle
000049968 3367_ $$2BibTeX$$aARTICLE
000049968 3367_ $$00$$2EndNote$$aJournal Article
000049968 536__ $$0G:(DE-HGF)POF2-899$$a899 - ohne Topic (POF2-899)$$cPOF2-899$$fPOF I$$x0
000049968 588__ $$aDataset connected to
000049968 7001_ $$0P:(DE-HGF)0$$aEwald, H.$$b1
000049968 7001_ $$0P:(DE-Ds200)BUDP1-0212$$aMünzenberg, G.$$b2$$ugsi
000049968 7001_ $$0P:(DE-Ds200)OR0487$$aHofmann, S.$$b3$$ugsi
000049968 7001_ $$0P:(DE-Ds200)OR0469$$aHessberger, F.P.$$b4$$ugsi
000049968 773__ $$0PERI:(DE-600)2205648-8$$a10.1016/0029-554X(81)90469-9$$gVol. 187, no. 1, p. 45 - 50$$n1$$p45 - 50$$tNuclear instruments & methods in physics research$$v187$$x0167-5087$$y1981
000049968 909CO $$ooai:repository.gsi.de:49968$$pVDB
000049968 9101_ $$0I:(DE-Ds200)20121206GSI$$6P:(DE-Ds200)BUDP1-0212$$aGSI Helmholtzzentrum für Schwerionenforschung GmbH$$b2$$kGSI
000049968 9101_ $$0I:(DE-Ds200)20121206GSI$$6P:(DE-Ds200)OR0487$$aGSI Helmholtzzentrum für Schwerionenforschung GmbH$$b3$$kGSI
000049968 9101_ $$0I:(DE-Ds200)20121206GSI$$6P:(DE-Ds200)OR0469$$aGSI Helmholtzzentrum für Schwerionenforschung GmbH$$b4$$kGSI
000049968 9131_ $$0G:(DE-HGF)POF2-899$$1G:(DE-HGF)POF2-890$$2G:(DE-HGF)POF2-800$$3G:(DE-HGF)POF2$$4G:(DE-HGF)POF$$aDE-HGF$$bProgrammungebundene Forschung$$lohne Programm$$vohne Topic$$x0
000049968 915__ $$0StatID:(DE-HGF)0040$$2StatID$$aPeer Review unknown
000049968 915__ $$0StatID:(DE-HGF)0200$$2StatID$$aDBCoverage$$bSCOPUS
000049968 920__ $$lyes
000049968 9201_ $$0I:(DE-Ds200)SHP-20080822OR107$$kSHP$$lSHE Physik$$x0
000049968 980__ $$ajournal
000049968 980__ $$aVDB
000049968 980__ $$aI:(DE-Ds200)20110830OR107
000049968 980__ $$aI:(DE-Ds200)SHP-20080822OR107
000049968 980__ $$aUNRESTRICTED